Every University/College in Chester County PA - Statistics

General Stats
  • This quiz has been taken 15 times
  • The average score is 4 of 7
Answer Stats
Location Answer % Correct
West Chester West Chester University
100%
Lower Oxford Township Lincoln University
70%
East Whiteland Township Penn State Great Valley
60%
East Whiteland township Immaculata University
50%
Thornbury Township Cheyney University
40%
East Brandywine Township Delaware County Community College
20%
Schuylkill township University of Valley Forge
20%
No matching quizzes found
Score Distribution
Percent of People with Each Score
Percentile by Number Answered
Your Score History
You have not taken this quiz